Citations de Kaamelott - Statistiques

Statistiques générales
  • Ce quiz a été pris 2 287 fois
  • Le résultat moyen est 23 sur 31
Statistiques - réponses
Hint Réponse % Correct
On fait 10 jets de 2 dés moins 4, ça contiens le résultat entre 16 et 116 Perceval
98%
Le plus intéressant, c'est, comment vous arrivez à faire un truc aussi immonde avec des ingrédients normaux ? [...] Mais c'est incroyable, j'ai l'impression de bouffer de la terre avec de la bouse et du gravier, ça sent le poulailler, mais c'est du cèleri et des oignons, c'est prodigieux. Arthur
88%
Elle est où la poulette ? Kadoc
87%
Sans vouloir la ramener, la seule différence concrète avec des briques, c'est que vous appelez ça des tartes ! Léodagan
86%
Qu'est-ce qui est petit et marron ? [Élias de Kelliwic'h : Un marron.] -Putain, il est fort ce con. Merlin
86%
MÉÉCRÉÉAAAAAAAAANTS ! Bohort
85%
Par exemple, vous prenez aujourd’hui. Vous comptez sept jours. Ça vous emmène dans une semaine. Et bien on sera exactement le même jour qu’aujourd’hui… À une vache près, hein… C’est pas une science exacte Karadoc
85%
Faut arrêter ces conneries de nord et de sud ! Une fois pour toutes, le nord, suivant comment on est tourné, ça change tout ! Perceval
85%
Alors faites des efforts pour arrêter de vous comporter comme un connard ! Moi j’en ai plein le cul de seconder un merdeux de dix ans même pas foutu de trouver un Graal ou de faire un gamin à sa femme ! Oui alors voilà, je me suis assis sur votre trône parce que je fais la moitié de votre boulot… Et je vous emmerde ! Lancelot
84%
Moi une fois, j'étais tellement bourré que j'avais l'impression de me faire attaquer de tous côtés, j'me défendais, j'me défendais... En fait, j'étais dans un pâturage, j'ai tué 76 chèvres ! Léodagan
84%
QUAND J'PENSE QU'J'AI R'FILE MA FILLE A UN ROMAIN ! J’SUIS À DEUX DOIGTS D'CRÂMER L’CHÂTEAU !! Léodagan
84%
Voilà ! C’est tout ce qu’y a ! Unisson, quarte, quinte et c’est marre ! Tous les autres intervalles, c’est de la merde ! Le prochain que je chope en train de siffler un intervalle païen, je fais un rapport au pape ! père blaise
84%
Mordu, mordu, mooooordu! Mordu mordu mordu mordu mordu mordu mordu mordu mordu mooooooooooordu !!!! Kadoc
78%
Merlin, i'sait déjà pas monter des blancs en neige, alors préparer une potion de polymorphie… Permettez-moi d'avoir des doutes. Arthur
75%
J'ai toujours rêver de faire des tartes pour mes petits enfants, seulement des petits enfants yen a pas, ils arrivent jamais, j'attends, j'attends, rien ! Séli
75%
Ben Gauvain il est revenu, il s'était planté une écharde comme ça dans le doigt… N’empêche, si ça s’infecte, on peut en mourir, j’vous ferais dire. Yvain
73%
Par contre elle est chiante cette chanson parce qu'elle reste Arthur
72%
La fleur en bouquet fane, et jamais ne renaît ! le roi burgonde
71%
Et à un moment... Le sorcier s'est mis à nous menacer, avec ses parties génitales. Gauvain
70%
Interprête ? Interprête, couillère ! le roi burgonde
70%
Sire, si vous me les enlevez, c’est un tiers de mes revenus qui fout le camp. Parce qu’ils font pas que boire! Ils mangent là un jour sur deux ... le tavernier
70%
Moi, j'serais vous, je vous écouterais... Non, moi, j'serais nous, je vous... Si moi, j'étais vous, je vous écouterais ! Non, elle me fait chier, cette phrase ! Perceval
67%
Si je fais mon tour pas dans le même sens que vous, ça annule. Mais si je le fais dans le même sens que vous, ça le double ! Yvain
66%
Les chicots, c'est sacré ! Parce que si j'les lave pas maintenant, dans dix ans, c'est tout à la soupe. Et l'mec qui me fera manger de la soupe il est pas né ! Karadoc
65%
La prochaine fois que vous faites venir un barde, je lui ouvre le bide de là à là, j'lui sors les boyaux et je file sa langue à bouffer aux chiens. C'est clair, ça ? Arthur
61%
Si ça peut m'éviter de chlinguer du cul, je peux bien me tremper une ou deux fois par an. Karadoc
59%
Eh ben moi une fois, j’ai pissé par la fenêtre ! Guenièvre
58%
Sire ! Mon père est peut-être unijambiste, mais moi, ma femme n'a pas de moustache ! […] Alors ça vient? p'tite bite ! Le maitre d'armes
57%
Les placards sont fermés ! Vous allez retourner dans votre canfouine, au trot, et si la faim persiste, mangez des moustiques : c'est nourrissant, ça coûte rien, et ça débarrasse ! Séli
57%
En garde, ma biquette ! Je m’en vais te découper le gras du cul, ça t’fera ça de moins à trimbaler ! le maitre d'armes
49%
Cette fois-ci, on part avec les femmes ! HAHAAAHA !!!! Attila le hun
31%
Aucun quiz correspondant
Distribution des résultats
% des personnes avec chaque résultat
Percentile par nombre de réponses
Votre historique - résultats
Vous n’avez pas pris ce quiz